Statistiques concernant Pokémon-Classes de Dresseurs

Cliquez ici pour prendre le quiz!

Statistiques générales

  • Ce quiz a été pris 30 fois
  • Le résultat moyen est 13 sur 19

Statistiques - réponses

DescriptionClasse de Dresseur% Correct
Deux petites filles identiques côte à côteJumelles
95%
Athlète en maillot de bainNageur/Nageuse
95%
En bas de la hiérarchie, ils portent une tenue noire avec un R rouge sur le torseSbire de la Team Rocket
95%
Homme avec un t-shirt Pikachu ou femme avec des poupéesPokéfan
91%
Reconnaissable à ses lunettes et sa blouse blancheScientifique/Savant Fou
91%
Enfant aec une casquette, un short et des basketsGamin
86%
Homme musclé portant un kimono et un bandeau sur la têteKaratéka
86%
A vélo, en tenue de sport et muni d'une visièreCycliste
82%
Homme blond avec une combinaison et un masque de plongéePlongeur
82%
Bonhomme barbu et jovial avec un chapeauMontagnard
77%
Enfant avec un filet et un chapeau de pailleScout
77%
Jeune homme muni d'une cage à oiseauxOrnithologue
68%
Personnage en tenue de travail rouge ou vert avec un foulard sur la têteEleveur
59%
Homme faisant léviter sa PokéballKinésiste
59%
Dresseur habillé d'une cape noireDracologue
41%
Ressemble à un clown crachant des flammesCrache-Feu
27%
Jeune femme avec un imperméable,des bottes et un parapluieSoeur Parasol
27%
Habillé(e) tout en rouge, il/elle a une cordePokémon Ranger
23%
Jeune femme habillée de façon élégente et raffinéeMademoiselle
14%

Distribution des résultats

Percentile par nombre de réponses

% des personnes avec chaque résultat

Votre développement - résultats

Vous n’avez pas pris ce quiz